Страноведение – Испания, Кипр, Турция, Египет, Учебное пособие

Manylion Llyfryddiaeth
Prif Awdur: Е. Л. Драчева
Awduron Eraill: А. О. Яворская, Т. Т. Христов
Crynodeb:Книга находится в премиум-версии платформы «Русский как иностранный».
В учебном пособии с точки зрения туризма рассматриваются страны наиболее часто посещаемые российскими туристами. По каждой стране приводится краткая характеристика, ее туристская инфраструктура, основные туристские потоки, туристские регионы, туристские ресурсы, туристский потенциал, приведены примеры наиболее популярных туров, расстояния между туристскими центрами и другая полезная информация. Учебное пособие предназначено для более глубокого изучения таких дисциплин как: «Туристские ресурсы», «Страноведение», «География туризма», «Технология путешествий», «Техника продаж в туризме», «Реклама в туризме», «Культурно-исторические центры мира», «Экскурсоведение» и др. студентами, специализирующимися в области различных направлений туристского бизнеса, слушателями курсов переподготовки и повышения квалификации, а также для преподавателей учебных заведений туристского профиля. Книга также может быть использована практическими работниками сферы туризма и всеми теми, кто интересуется путешествиями.
Cyhoeddwyd: Москва, Книгодел, МАТГР, 2007
Pynciau:
Mynediad Ar-lein:Перейти к просмотру издания
Fformat: Electronig

MARC

LEADER 00000 a2200000 4500
001 RU/ROS-EDU.RU/3787
856 4 |u https://www.ros-edu.ru/book?id=3787  |z Перейти к просмотру издания 
010 |a 978-5-9659-0043-0, 978-5-9630-0012-0 
100 |a 20070101d2007 |||y0rusy0250  
105 |a y z 000zy 
101 0 |a rus 
102 |a RU 
200 1 |a Страноведение – Испания, Кипр, Турция, Египет  |b Электронный ресурс  |e Учебное пособие  |f Е. Л. Драчева, А. О. Яворская, Т. Т. Христов 
700 1 |b Е. Л.  |a Драчева  |4 070 
701 1 |b А. О.  |a Яворская  |4 070 
701 1 |b Т. Т.  |a Христов  |4 070 
330 |a В учебном пособии с точки зрения туризма рассматриваются страны наиболее часто посещаемые российскими туристами. По каждой стране приводится краткая характеристика, ее туристская инфраструктура, основные туристские потоки, туристские регионы, туристские ресурсы, туристский потенциал, приведены примеры наиболее популярных туров, расстояния между туристскими центрами и другая полезная информация. Учебное пособие предназначено для более глубокого изучения таких дисциплин как: «Туристские ресурсы», «Страноведение», «География туризма», «Технология путешествий», «Техника продаж в туризме», «Реклама в туризме», «Культурно-исторические центры мира», «Экскурсоведение» и др. студентами, специализирующимися в области различных направлений туристского бизнеса, слушателями курсов переподготовки и повышения квалификации, а также для преподавателей учебных заведений туристского профиля. Книга также может быть использована практическими работниками сферы туризма и всеми теми, кто интересуется путешествиями. 
210 |a Москва  |c Книгодел, МАТГР  |d 2007 
610 1 |a страноведение 
610 1 |a Испания 
610 1 |a Кипр 
610 1 |a Турция 
610 1 |a Египет 
610 1 |a учебное пособие 
610 1 |a учебник 
610 1 |a туризм 
610 1 |a турист 
610 1 |a туристская инфраструктура 
610 1 |a туристский поток 
610 1 |a туристский регион 
610 1 |a туристский ресурс 
610 1 |a туристский потенциал 
610 1 |a популярный тур 
610 1 |a география туризма 
610 1 |a путешествие 
610 1 |a экскурсоведение 
610 1 |a туристский бизнес 
675 |a 379.85 
686 |a 26.89  |2 rubbk 
300 |a Книга находится в премиум-версии платформы «Русский как иностранный». 
215 |a 332 с.